<?xml version="1.0" encoding="UTF-8"?>
<collection xmlns:xsi="http://www.w3.org/2001/XMLSchema-instance" xsi:schemaLocation="http://www.loc.gov/MARC21/slim http://www.loc.gov/standards/marcxml/schema/MARC21slim.xsd" xmlns="http://www.loc.gov/MARC21/slim">
 <record>
  <leader>00000ctmaa22000004a 4500</leader>
  <controlfield tag="001">UP-99796217609940154</controlfield>
  <controlfield tag="003">Buklod</controlfield>
  <controlfield tag="005">20110714161912.0</controlfield>
  <controlfield tag="006">m    |o  d |      </controlfield>
  <controlfield tag="007">ta</controlfield>
  <controlfield tag="008">110714s2004    xx     d     r    |||| u|</controlfield>
  <datafield tag="035" ind1=" " ind2=" ">
   <subfield code="a">(iLib)UPD-00177203281</subfield>
  </datafield>
  <datafield tag="040" ind1=" " ind2=" ">
   <subfield code="a">DENG</subfield>
  </datafield>
  <datafield tag="041" ind1="0" ind2=" ">
   <subfield code="a">eng</subfield>
  </datafield>
  <datafield tag="042" ind1=" " ind2=" ">
   <subfield code="a">DMLUC</subfield>
  </datafield>
  <datafield tag="090" ind1=" " ind2=" ">
   <subfield code="a">LG 996 2004 M37</subfield>
   <subfield code="b">A24</subfield>
  </datafield>
  <datafield tag="100" ind1="1" ind2=" ">
   <subfield code="a">Abellana, Virgilio Y.</subfield>
  </datafield>
  <datafield tag="245" ind1="1" ind2="0">
   <subfield code="a">Development of a copper-tin shape memory alloy</subfield>
   <subfield code="c">Virgilio Y. Abellana.</subfield>
  </datafield>
  <datafield tag="264" ind1=" " ind2="1">
   <subfield code="c">2004.</subfield>
  </datafield>
  <datafield tag="300" ind1=" " ind2=" ">
   <subfield code="a">xxv, 198 leaves</subfield>
   <subfield code="b">ill. (some col.) +</subfield>
   <subfield code="e">1 CD-ROM (4 3/4 in.)</subfield>
  </datafield>
  <datafield tag="500" ind1=" " ind2=" ">
   <subfield code="a">&quot;May 2009.&quot;</subfield>
  </datafield>
  <datafield tag="502" ind1=" " ind2=" ">
   <subfield code="a">Thesis (Ph.D. Materials Science and Engineering)--University of the Philippines Diliman.</subfield>
  </datafield>
  <datafield tag="520" ind1="3" ind2=" ">
   <subfield code="a">The family of shape memory alloys, (SMAs), having anthropomorphic qualities has found many applications in industry and medical science. Copper-Tin SMA is one of the most promising members of the family because of its price advantage over Ni-Ti. However, it is among the least studied and has problems  in its ductility and workability.. Chemical, physical and shape behavior data are needed for any eventual design-applications and fabrications. Copper-Tin SMA was synthesized by melting pure copper and pure tin in a graphite mold heated a tube furnace. Several compositions were tried and heat-treated to produce thermoplastic martesite or Yi phase. X-ray diffraction data showed that at 16 atomic % Sn pure Yi'phase was produced. Compositions lower and higher than this produced non-thermoelastic martensite. The 16 atomic % Sn samples were then subjected to pre straining. By straining the martensite phase, the shape memory behavior was proven by Thermomechanical Analysis (TMA) and was confirmed Differential Scanning Calorimetry (DSC). The following physical properties were then evaluated: (a) transformation temperatures, (b) mechanical properties, (c) metallurgical properties, and (d) thermomechanical properties. Transformation temperatures were all above 30 C, thus, Cu-Sn is a high-temperature SMA. Furthermore, temperature hysteresis, (As-Ms), was found to be very minimal (0.3 to 8 C) and within the maximum 50 C value typical to SMAs. This result further established that the developed alloy had shape memory behavior. To further investigate its behavior, the following mathematical models were developed: (a) transformation temperature as a function of austenitizing temperature and quenching rate, (b) Effects of austenitizing temperature and quenching rate on mechanical properties, and (c) stress recovery rate (one-way). To improve its ductility and workability the following grain refinement methods were designed and applied: (a) spin casting, and (b) direct rolling of the melt. Results showed improvement in ductility while maintaining and improving its shape memory behavior.</subfield>
  </datafield>
  <datafield tag="650" ind1=" " ind2="0">
   <subfield code="a">Copper-tin alloys.</subfield>
  </datafield>
  <datafield tag="650" ind1=" " ind2="0">
   <subfield code="a">Alloys</subfield>
   <subfield code="x">Thermomechanical properties.</subfield>
  </datafield>
  <datafield tag="650" ind1=" " ind2="0">
   <subfield code="a">Shape memory alloys.</subfield>
  </datafield>
  <datafield tag="650" ind1=" " ind2="0">
   <subfield code="a">Shape memory effect.</subfield>
  </datafield>
  <datafield tag="905" ind1=" " ind2=" ">
   <subfield code="a">FI</subfield>
  </datafield>
  <datafield tag="905" ind1=" " ind2=" ">
   <subfield code="a">UP</subfield>
  </datafield>
  <datafield tag="950" ind1=" " ind2=" ">
   <subfield code="a">Thesis</subfield>
  </datafield>
  <datafield tag="852" ind1="0" ind2=" ">
   <subfield code="a">UPD</subfield>
   <subfield code="b">DARCHIVES</subfield>
   <subfield code="h">LG 996 2004 M37</subfield>
   <subfield code="i">A24</subfield>
  </datafield>
  <datafield tag="852" ind1="0" ind2=" ">
   <subfield code="a">UPD</subfield>
   <subfield code="b">DENG-II</subfield>
   <subfield code="h">LG 996 2004 M37</subfield>
   <subfield code="i">A24</subfield>
  </datafield>
  <datafield tag="942" ind1=" " ind2=" ">
   <subfield code="a">Thesis</subfield>
  </datafield>
 </record>
</collection>
